| 000 | 01815cam a22004577a 4500 | ||
|---|---|---|---|
| 001 | 629 | ||
| 005 | 20230926135947.0 | ||
| 020 | _a9781402242564 (pbk.) | ||
| 020 | _a1402242565 (pbk.) | ||
| 020 | _a9780606140638 | ||
| 020 | _a0606140638 | ||
| 040 |
_aBTCTA _beng _cBTCTA _dBKX _dZPX _dQBX _dUPZ _dIMT _dZAG _dI4F _dOCLCQ _dBDX _dDLC _dFISKH |
||
| 050 | 0 | 0 |
_aPZ7.S604 _bHoab 2010 |
| 082 | 0 | 4 |
_a[Fic] _222 |
| 100 | 1 | _aSimon, Francesca. | |
| 245 | 1 | 0 |
_aHorrid Henry and the abominable snowman / _cFrancesca Simon ; illustrated by Tony Ross. |
| 260 |
_aNaperville, Ill. : _bSourcebooks Jabberwocky, _c2010. |
||
| 300 |
_a87 pages : _billustrations ; _c20 cm. |
||
| 490 | 0 | _aHorrid Henry | |
| 500 | _aOriginally published: London : Orion Children's Books, 2007. | ||
| 505 | 0 | _aK | |
| 505 | 0 | _aHorrid Henry and the abominable snowman -- Horrid Henry's rainy day -- Moody Margaret's makeover -- Horrid Henry's author visit. | |
| 520 | _aHorrid Henry builds a big, mean monster snowman in order to win the snowman competition against Moody Margaret's ballerina snowgirl, and claim the prize--a year's supply of ice cream--all for himself. | ||
| 521 |
_a560
_bLexile |
||
| 521 |
_aK
_bRaz-Plus |
||
| 650 | 0 |
_aHuman behavior _vJuvenile fiction. |
|
| 650 | 0 |
_aSnowmen _vJuvenile fiction. |
|
| 650 | 0 |
_aContests _vJuvenile fiction. |
|
| 650 | 0 | _aShort stories. | |
| 650 | 1 |
_aBehavior _vFiction. |
|
| 650 | 1 |
_aSnowmen _vFiction. |
|
| 650 | 1 |
_aContests _vFiction. |
|
| 650 | 7 |
_aHorrid Henry (Fictional character) _vFiction. _2sears |
|
| 650 | 7 |
_aHuman behavior _vFiction. _2sears |
|
| 650 | 7 |
_aSnow _vFiction. _2sears |
|
| 650 | 7 |
_aContests _vFiction. _2sears |
|
| 655 | 7 |
_aShort stories. _2sears |
|
| 700 | 1 |
_aRoss, Tony, _eillustrator |
|
| 906 |
_a7 _bcbc _ccopycat _d2 _encip _f20 _gy-gencatlg |
||
| 942 |
_2ddc _cBK _n0 |
||
| 999 |
_c629 _d629 |
||